Knihy
Uloženo v:
LEADER 03154nam a2200793 i 4500
001 nkc20172940407
003 CZ PrNK
005 20180709133340.0
007 ta
008 180307s2018 xr ah f 001 0dcze
015 |a cnb002940407 
020 |a 978-80-200-2810-5  |q (vázáno) 
035 |a (OCoLC)1048448693 
040 |a ABA001  |b cze  |d BOA001  |e rda 
041 0 |a cze  |b eng 
043 |a e-xr---  |a e-fr---  |b e-xr-pg  |2 czenas 
045 |a w-x- 
072 7 |a 75  |x Malířství  |2 Konspekt  |9 21 
080 |a 75.071.1  |2 MRF 
080 |a 75(44)  |2 MRF 
080 |a 75.036/.038  |2 MRF 
080 |a 001.83-027.22  |2 MRF 
080 |a 72/76:069.5  |2 MRF 
080 |a 316.73(44)  |2 MRF 
080 |a (44)  |2 MRF 
080 |a (437.3)  |2 MRF 
080 |a (437.311)  |2 MRF 
080 |a (048.8)  |2 MRF 
100 1 |a Savický, Nikolaj,  |d 1962-  |7 jn20000402183  |4 aut 
245 1 0 |a Henri Rousseau, aneb, Složitá Celníkova cesta do Čech /  |c Nikolaj Savický 
246 3 0 |a Složitá Celníkova cesta do Čech 
250 |a Vydání první 
264 1 |a Praha :  |b Academia,  |c 2018 
300 |a 165 stran :  |b ilustrace (převážně barevné), faksimile ;  |c 25 cm 
336 |a text  |b txt  |2 rdacontent 
337 |a bez média  |b n  |2 rdamedia 
338 |a svazek  |b nc  |2 rdacarrier 
504 |a Obsahuje bibliografii, bibliografické odkazy a rejstřík 
546 |a Anglické resumé 
600 1 7 |a Rousseau, Henri,  |d 1844-1910  |7 jn19990007192  |2 czenas 
600 1 7 |a Rousseau, Henri,  |d 1844-1910.  |t Vlastní podobizna  |7 aun2018984987  |2 czenas 
610 2 7 |a Národní galerie (Praha, Česko)  |7 kn20010709071  |2 czenas 
648 4 |a 1844-1910 
648 7 |a 19.-20. století  |7 ch757015  |2 czenas 
648 7 |a 20. století  |7 ch460558  |2 czenas 
650 0 7 |a malíři  |7 ph122596  |z Francie  |y 19.-20. století  |2 czenas 
650 0 7 |a francouzské malířství  |7 ph120370  |y 19.-20. století  |2 czenas 
650 0 7 |a moderní malířství  |7 ph122940  |z Francie  |2 czenas 
650 0 7 |a intelektuální život  |7 ph137688  |z Francie  |y 19.-20. století  |2 czenas 
650 0 7 |a umělecké sbírky  |7 ph135222  |z Česko  |y 20. století  |2 czenas 
650 0 7 |a kulturní vlivy (francouzské)  |7 ph224032  |z Česko  |y 20. století  |2 czenas 
650 0 7 |a intelektuální život  |7 ph137688  |z Česko  |y 20. století  |2 czenas 
650 0 9 |a painters  |z France  |y 19th-20th centuries  |2 eczenas 
650 0 9 |a French painting  |y 19th-20th centuries  |2 eczenas 
650 0 9 |a modern painting  |z France  |2 eczenas 
650 0 9 |a intellectual life  |z France  |y 19th-20th centuries  |2 eczenas 
650 0 9 |a art collections  |z Czechia  |y 20th century  |2 eczenas 
650 0 9 |a culture's influence (French)  |z Czechia  |y 20th century  |2 eczenas 
650 0 9 |a intellectual life  |z Czechia  |y 20th century  |2 eczenas 
651 7 |a Paříž (Francie)  |7 ge130380  |2 czenas 
651 7 |a Praha (Česko)  |7 ge118011  |2 czenas 
651 9 |a Paris (France)  |2 eczenas 
651 9 |a Prague (Czechia)  |2 eczenas 
655 7 |a monografie  |7 fd132842  |2 czenas 
655 9 |a monographs  |2 eczenas 
910 2 |a BOA001  |b 2-1407.823 
990 |a BK 
995 |a 01 
996 6 |b 2610746486  |c 2-1407.823  |l MZK  |r Sklad / do 1 hodiny  |n 2  |p p.v.  |w 001669659  |u 000010  |a 1  |e BOA001  |j MZK50  |s P